LEADER 01137nam a2200265 i 4500 001 000000166924 003 CaOOAMICUS 005 20161010000000.0 008 161010s1999 it u000 u ita u 013 $a144295 020 $a88-215-3990-3 040 $aSeMil$bita 100 1 $aPetrosillo, Orazio <1947-2007>.$0(OLS)http://semarc/name/44437 245 10$aCanto alla Madre di Dio :$bmeditazioni mariane di un giornalista /$cOrazio Petrosillo. 260 $aCinisello Balsamo :$bSan Paolo,$c1999. 300 $a181 p. ;$c20 cm. 490 0 $aModello e presenza ;$v22 650 4$aMadonna - Meditazioni.$0(OLS)http://semarc/subject/920 830 0$aModello e presenza ;$v22.$0(OLS)http://semarc/title/7996 850 $aSeMil 852 $aSeMil$W1$xVenegono$y1$m2L III 251$j118084$B118084$CSeMilBibl$Z2$F214058 $81 961 $aOmaggio: Ravasi mons. Gianfranco 996 $6020$a88-215-3990-3$9(OLS)http://semarc/number/153507 996 $6245$aCanto alla Madre di Dio :$bmeditazioni mariane di un giornalista$9(OLS)http://semarc/title/238660 996 $6260$aCinisello Balsamo :$bSan Paolo$9(OLS)http://semarc/publisher/30129 LEADER 01277nam a2200313 i 4500 001 000000227786 003 CaOOAMICUS 005 20140307000000.0 008 140307s2013 it u000 u ita u 013 $a206688 020 $a978-88-307-2119-7 040 $aSeMil$bita 100 1 $aBruni, Luigino,$d<1966- >.$0(OLS)http://semarc/name/5214 245 10$aEconomia con l'anima /$cLuigino Bruni ; a cura di Anna Pozzi. 260 $aBologna :$bEMI,$c2013. 300 $a159 p. ;$c21 cm. 490 0 $aCaleidoscopio ;$v1 490 0 $aEmisferi 650 4$aEconomia - Concezione cristiana.$0(OLS)http://semarc/subject/5356 650 4$aEconomia - Aspetti socio-culturali.$0(OLS)http://semarc/subject/41220 700 1 $aPozzi, Anna,$d<1970- >.$0(OLS)http://semarc/name/50867 830 0$aCaleidoscopio ;$v1.$0(OLS)http://semarc/title/15466 830 0$aEmisferi.$0(OLS)http://semarc/title/15597 850 $aSeMil 852 $aSeMil$W1$xVenegono$y1$m3M II 242$j178132$B178132$CSeMilBibl$Z2$F189861 $81 961 $aAcquisto: Cittą Nuova (Agente) 996 $6020$a978-88-307-2119-7$9(OLS)http://semarc/number/229559 996 $6245$aEconomia con l'anima$9(OLS)http://semarc/title/325991 996 $6260$aBologna :$bEMI$9(OLS)http://semarc/publisher/29618